000 00491nam a2200181Ia 4500
008 131103s9999 xx 000 0 und d
040 _aLoreto College
041 _aEnglish
082 _a822.33(ID)/R-III/KNO
_bLCLIB/24482
100 _aKnowland,W.
245 _aRichard III
_b notes
_cW.Knowland
260 _aToronto
_bColes Publication
_c1971
300 _a90 p.
_c 21 cm.
650 _aEnglish Drama
651 _aShakespeare,William - Richard III
850 _aLCLIB
942 _cBK
999 _c4308
_d54787